[Event "Najdorf Memorial"]
[Site "Warsaw POL"]
[Date "2011.07.14"]
[Round "2.46"]
[White "Lach,A"]
[Black "Kamieniecki,T"]
[Result "1-0"]
[WhiteElo "2154"]
[BlackElo "2009"]

1.d4 Nf6 2.Nf3 g6 3.c4 Bg7 4.Nc3 O-O 5.e4 d6 6.Be2 e5 7.O-O Nc6 8.d5 Ne7
9.Ne1 Ne8 10.Nd3 f5 11.Bd2 Nf6 12.f3 f4 13.c5 g5 14.Rc1 Ng6 15.cxd6 cxd6
16.Nf2 h5 17.h3 Rf7 18.Nb5 a6 19.Na3 b5 20.Nc2 Bf8 21.Nb4 Rg7 22.b3 Nh4 23.Be1 g4
24.fxg4 hxg4 25.hxg4 Qd7 26.Rc3 Nh7 27.Nh3 Qe7 28.Nd3 a5 29.b4 Ng5 30.Nxg5 Qxg5
31.bxa5 Bxg4 32.Bxg4 Qxg4 33.Qxg4 Rxg4 34.Bxh4 Rxh4 35.Ra3 Be7 36.Rb1 Kf7
37.Nf2 Rg8 38.a6 Rh6 39.a7 Rhg6 40.g4 fxg3 41.Nh3 Ra8 42.Rxb5 Rgg8 43.Kg2 Rgc8
44.Kxg3 Rc7 45.Rba5 Ke8 46.Nf2 Bd8 47.Ra6 Kd7 48.Nd3 Rb7 49.R3a4 Bg5 50.Nb4 Bf4+
51.Kf3 Rb5 52.Nc6 Rg8 53.Rb4 Rxb4 54.Nxb4 Ra8 55.Nc6 Kc7 56.Na5 Bd2 57.Rc6+ Kd7
58.Nc4 Rxa7 59.Rxd6+ Kc7 60.Rc6+  1-0

[Event "III Corporation Cup A"]
[Site "Izhevsk RUS"]
[Date "2011.07.15"]
[Round "1"]
[White "Khruschiov,A"]
[Black "Ipatov,A RUS2"]
[Result "1-0"]
[WhiteElo "2409"]
[BlackElo "2092"]

1.d4 Nf6 2.c4 g6 3.Nc3 Bg7 4.e4 d6 5.Be2 O-O 6.Nf3 e5 7.O-O Nc6 8.d5 Ne7
9.Ne1 Nd7 10.f3 f5 11.g4 Nf6 12.Be3 h5 13.g5 Nh7 14.h4 f4 15.Bf2 Kh8 16.c5 Ng8
17.Ng2 Bh3 18.Kh2 Bxg2 19.Kxg2 Nxg5 20.hxg5 Qxg5+ 21.Kh2 Qe7 22.Qb3 b6 23.cxd6 cxd6
24.Rac1 Rfc8 25.Ba6 Rc5 26.Rg1 Rc7 27.Rxg6 Bf6 28.Rh1 Kh7 29.Rg2 Bh4 30.Kg1 Bxf2+
31.Kxf2 Nf6 32.Nb5 Rc5 33.Qd3 Kh6 34.b4  1-0

[Event "Pinnacle 48th COCC"]
[Site "Toronto CAN"]
[Date "2011.07.16"]
[Round "8"]
[White "Golod,V"]
[Black "Xu,H"]
[Result "1-0"]
[WhiteElo "2582"]
[BlackElo "1875"]

1.d4 Nf6 2.c4 g6 3.Nc3 Bg7 4.e4 d6 5.Be2 O-O 6.Nf3 e5 7.O-O Nc6 8.Be3 Ng4
9.Bg5 f6 10.Bh4 g5 11.Bg3 Nh6 12.dxe5 fxe5 13.h3 Nf7 14.Nh2 Nh8 15.Qd5+ Rf7
16.c5 Nd4 17.Bg4 Ng6 18.cxd6 c6 19.Qc5 b6 20.Qc4 Qxd6 21.Rfd1 a5 22.Bxc8 Rxc8
23.Nb5 Qd8 24.Rxd4 exd4 25.Nd6 Qf8 26.Nf3 h6 27.Nxc8 Qxc8 28.Nxd4 a4 29.a3 Ne5
30.Bxe5 Bxe5 31.Nf5 Qf8 32.Rd1 Kh7 33.Qxc6 Bxb2 34.Rd6 Rf6 35.Rd7+ Kg6 36.Qxa4 Re6
37.Qc4 Kf6 38.Ng3 Rd6 39.e5+ Bxe5 40.Ne4+ Kg6 41.Nxd6  1-0

[Event "SPA Open A"]
[Site "Amsterdam NED"]
[Date "2011.07.17"]
[Round "9"]
[White "Wunnink,M"]
[Black "Sanders,I"]
[Result "0-1"]
[WhiteElo "2258"]
[BlackElo "2105"]

1.d4 Nf6 2.c4 g6 3.Nc3 Bg7 4.e4 d6 5.Nf3 O-O 6.Be2 e5 7.O-O Nc6 8.d5 Ne7
9.b4 Nh5 10.Re1 Nf4 11.Bf1 f5 12.g3 Nh5 13.Ng5 f4 14.c5 Nf5 15.Ne6 Bxe6 16.dxe6 Nd4
17.g4 Nf6 18.Nb5 Nxb5 19.Bxb5 h5 20.Qb3 Kh8 21.cxd6 cxd6 22.gxh5 Nxh5 23.Qh3 d5
24.Be2 Qg5+ 25.Kh1 dxe4 26.Rg1 Qh6 27.b5 Rae8 28.Bc4 Rf5 29.Qg2 Kh7 30.Qxe4 Nf6
31.Qg2 Rh5 32.Bd3 Ng4 33.Bxg6+ Kxg6 34.Qxg4+ Kf6 35.Rg2 Rh8 36.Kg1 Rxh2 37.f3 Rxg2+
38.Qxg2 Bf8 39.Kf2 Bc5+ 40.Ke2 Bd4 41.Rb1 Qh7 42.Rb3 Rg8  0-1

[Event "Open ch-SVK A"]
[Site "Banska Stiavnica SVK"]
[Date "2011.07.17"]
[Round "9"]
[White "Gbyl,A"]
[Black "Konnyu,J"]
[Result "1/2-1/2"]
[WhiteElo "2245"]
[BlackElo "2370"]

1.d4 Nf6 2.c4 g6 3.Nc3 Bg7 4.e4 d6 5.Nf3 O-O 6.Be2 e5 7.O-O Nc6 8.d5 Ne7
9.b4 Nh5 10.c5 Nf4 11.Bxf4 exf4 12.Rc1 h6 13.Re1 g5 14.Nd4 Ng6 15.Bh5 Ne5
16.Nf5 a6 17.h3 Qf6 18.Bg4 Re8 19.cxd6 cxd6 20.Na4 Nxg4 21.hxg4 Bxf5 22.exf5 Qd4
23.Qxd4 Bxd4 24.Red1 Ba7 25.Kf1 Rac8 26.Nb2 b5 27.Nd3 Kg7 28.Rxc8 Rxc8 29.Rc1 Rxc1+  1/2-1/2

[Event "34th Taminco Open"]
[Site "Ghent BEL"]
[Date "2011.07.17"]
[Round "4.8"]
[White "Wubben,M"]
[Black "Leenhouts,K"]
[Result "0-1"]
[WhiteElo "2093"]
[BlackElo "2397"]

1.d4 Nf6 2.c4 g6 3.Nc3 Bg7 4.e4 d6 5.Be2 O-O 6.Nf3 e5 7.O-O Nc6 8.d5 Ne7
9.Bg5 h6 10.Bxf6 Bxf6 11.b4 Bg7 12.c5 f5 13.Nd2 fxe4 14.cxd6 cxd6 15.Ncxe4 Nf5
16.Nc4 b5 17.Na5 Qh4 18.Qd3 Nd4 19.Rac1 Bf5 20.f3 h5 21.Nc6 Bh6 22.g3 Bxe4
23.fxe4 Qg5 24.Rcd1 Qe3+ 25.Qxe3 Bxe3+  0-1

[Event "15th Battle of Senta Open"]
[Site "Senta SRB"]
[Date "2011.07.17"]
[Round "3.18"]
[White "Desnica,V"]
[Black "Marjanovic,Dej"]
[Result "1-0"]
[WhiteElo "2177"]
[BlackElo "2153"]

1.d4 Nf6 2.c4 g6 3.Nc3 Bg7 4.e4 d6 5.Nf3 O-O 6.Be2 e5 7.O-O Nc6 8.d5 Ne7
9.Ne1 Nd7 10.Nd3 f5 11.Bd2 Nf6 12.f3 f4 13.c5 g5 14.cxd6 cxd6 15.Nf2 h5 16.h3 Rf7
17.Qc2 Bf8 18.Rfc1 Ng6 19.Nb5 g4 20.hxg4 hxg4 21.fxg4 Rh7 22.Nc7 Rb8 23.Ne6 Bxe6
24.dxe6 Be7 25.a4 Kg7 26.a5 Qh8 27.a6 Ne8 28.Qb3 Bh4 29.Nh3 Bg3 30.Bf1 Nh4
31.Be1 Bxe1 32.Rxe1 Nf6 33.Qd1 f3 34.gxf3 Ng6 35.Qc2 Nf4 36.Nxf4 exf4 37.Bg2 Rc8
38.Qd2 Rh2 39.axb7 Rf8 40.Qxf4 Rh6 41.Rxa7  1-0

[Event "Najdorf Memorial"]
[Site "Warsaw POL"]
[Date "2011.07.17"]
[Round "4"]
[White "Malakhatko,V"]
[Black "Deszczynski,A"]
[Result "1-0"]
[WhiteElo "2548"]
[BlackElo "2374"]

1.d4 Nf6 2.c4 g6 3.Nc3 Bg7 4.e4 d6 5.Nf3 O-O 6.Be2 e5 7.O-O Nc6 8.d5 Ne7
9.b4 Nh5 10.Re1 f5 11.Ng5 Nf4 12.Bxf4 exf4 13.Rc1 fxe4 14.Ncxe4 Nf5 15.Bg4 Nd4
16.Bxc8 Rxc8 17.Nf3 Nxf3+ 18.Qxf3 Qh4 19.c5 Be5 20.h3 h5 21.Nd2 Rce8 22.Qd3 Kg7
23.Nf3 Qf6 24.h4 Re7 25.c6 b6 26.Re2 Rfe8 27.Rce1 a5 28.bxa5 bxa5 29.Kf1 Qf7
30.Ng5 Qf6 31.Rb1 Kh6 32.a3 Bd4 33.Re6 Rxe6 34.dxe6 Bb6 35.Qe4 Re7 36.a4 Kg7
37.Rd1 Kg8 38.Ke2 Kg7 39.Rd2 Qc3 40.Rc2 Qb3 41.Qc4 Qa3 42.Ra2 Qb4 43.Qxb4 axb4
44.Kd3 d5 45.a5 b3 46.Ra4 Bxf2 47.Rxf4 b2 48.Kc2 Be3 49.Rf7+ Rxf7 50.exf7 d4
51.a6  1-0

[Event "TCh-Euro Open Girls"]
[Site "Iasi ROU"]
[Date "2011.07.18"]
[Round "4.1"]
[White "Kabai,Z"]
[Black "Morea,G"]
[Result "1-0"]
[WhiteElo "2146"]
[BlackElo "1921"]

1.d4 Nf6 2.c4 g6 3.Nc3 Bg7 4.e4 d6 5.Nf3 O-O 6.Be2 e5 7.O-O Nc6 8.d5 Ne7
9.a4 a6 10.b4 Nh5 11.Re1 f5 12.Ng5 Nf4 13.Bf1 h6 14.Nf3 Rf7 15.g3 Nh5 16.Nh4 Nf6
17.Bd3 f4 18.c5 Qf8 19.Ra2 g5 20.Ng2 Ng6 21.cxd6 cxd6 22.a5 fxg3 23.fxg3 Bg4
24.Qd2 Bh3 25.Ne3 Rc8 26.Na4 Nh5 27.Nb6 Rcc7 28.Qd1 Nf6 29.Rf2 Kh7 30.Rc2 Rxc2
31.Qxc2 Ng4  1-0

[Event "Poznan Summer Open"]
[Site "Poznan POL"]
[Date "2011.07.18"]
[Round "3.5"]
[White "Glatty,Z"]
[Black "Chojnacki,K"]
[Result "0-1"]
[WhiteElo "1950"]
[BlackElo "2437"]

1.d4 Nf6 2.c4 g6 3.Nc3 Bg7 4.e4 d6 5.Nf3 O-O 6.Be2 e5 7.O-O Nc6 8.d5 Ne7
9.Ne1 Nd7 10.Be3 f5 11.f3 f4 12.Bf2 g5 13.Nd3 Nf6 14.b4 Ng6 15.c5 h5 16.cxd6 cxd6
17.Rc1 Rf7 18.Nb5 a6 19.Na3 b5 20.Nb1 g4 21.a4 h4 22.Kh1 g3 23.Bg1 h3 24.Re1 hxg2+
25.Kxg2 Nh4+  0-1

[Event "III Corporation Cup A"]
[Site "Izhevsk RUS"]
[Date "2011.07.19"]
[Round "5"]
[White "Aseeva,A"]
[Black "Makarenko,A"]
[Result "0-1"]
[WhiteElo "1947"]
[BlackElo "2082"]

1.d4 Nf6 2.c4 g6 3.Nc3 Bg7 4.e4 d6 5.Nf3 O-O 6.Be2 e5 7.O-O Nc6 8.d5 Ne7
9.Ne1 Nd7 10.Nd3 f5 11.f3 f4 12.b4 a5 13.bxa5 g5 14.g4 fxg3 15.hxg3 Ng6 16.Kg2 h5
17.Be3 Rxa5 18.Qd2 Bf6 19.Nd1 b6 20.N1f2 Nc5 21.Nb4 Bd7 22.Rh1 h4 23.g4 Nf4+
24.Kh2 Qa8 25.Bd1 Kg7 26.Rg1 Ra3 27.Re1 Rh8 28.Qb2 Kf7 29.Bc1 Ra7 30.Be3 Qe8
31.Qd2 Qe7 32.Nh3 Rha8 33.Nxf4 exf4 34.Bd4 Bxd4 35.Qxd4 Qe5 36.Qxe5 dxe5
37.Re2 Ke7 38.Rb1 Kd6 39.Rbb2 Ra3 40.Red2 Rc3 41.Rbc2 Re3 42.Rb2 Ra5 43.Kg2 Ra8
44.Kh2 Rf8 45.Rf2 Nd3 46.Nxd3 Rxd3 47.Bc2 Rc3 48.Bb3 Ra8 49.Kg2 Ra3 50.Rfc2 Rxc2+
51.Rxc2 Kc5 52.Rd2 Ba4 53.Rd3 Bxb3 54.axb3 Ra2+ 55.Kg1 Re2 56.d6 cxd6 57.Rd5+ Kc6
58.b4 Rc2 59.c5 bxc5 60.bxc5 Rxc5 61.Rd3 Rc1+ 62.Kg2 Rc2+ 63.Kg1 Re2 64.Rc3+ Kd7
65.Ra3 Ke6 66.Ra8 Rd2 67.Rg8 Kf6 68.Rf8+ Kg7 69.Rd8 h3 70.Rd7+ Kg6 71.Rd8 Rd3
72.Kh2 Kf7 73.Rd7+ Ke6 74.Rg7 Rxf3 75.Rg6+ Kd7 76.Rxg5 Rg3 77.Rg7+ Kc6 78.g5 Kc5
79.Rg8 Kd4 80.g6 Kxe4 81.g7 d5 82.Kh1 d4 83.Kh2 d3 84.Kh1 Rg2 85.Rd8 Rxg7
86.Kh2 Rg3 87.Kh1 Ke3 88.Kh2 e4 89.Kh1 d2 90.Kh2 Ke2 91.Kh1 d1=Q+ 92.Rxd1 Kxd1  0-1

[Event "Nana Aleksandria Cup"]
[Site "Poti GEO"]
[Date "2011.07.19"]
[Round "9"]
[White "Arabidze,M"]
[Black "Bagaturov,G"]
[Result "1/2-1/2"]
[WhiteElo "2311"]
[BlackElo "2459"]

1.d4 Nf6 2.c4 g6 3.Nc3 Bg7 4.e4 d6 5.Nf3 O-O 6.Be2 e5 7.O-O Nc6 8.Be3 Re8
9.dxe5 dxe5 10.h3 h6 11.c5 Be6 12.Bb5 Qc8 13.Bxc6 bxc6 14.Qc1 Kh7 15.Rd1 Nh5
16.b4 f5 17.exf5 gxf5 18.Qc2 Kh8 19.Qe2 Bf7 20.Nh2 f4 21.Bd2 e4 22.Qg4 e3
23.fxe3 fxe3 24.Be1 Qxg4 25.Nxg4 Nf4 26.Rd7 Be6 27.Rxg7 Kxg7 28.Nxe3 Bxh3
29.Bf2 Be6 30.Bg3 Rf8 31.Rf1 Nd3 32.Rd1 Nxb4 33.Bxc7 Nxa2 34.Be5+ Kh7 35.Rd6 Nxc3
36.Bxc3 Rfe8 37.Rxc6 Rac8 38.Ra6 Rc7 39.Bd4 Bc8 40.Rd6 Be6 41.Ra6 Rd7 42.Be5 Rde7
43.Bf4 Kg7 44.c6 Bc8 45.Ra3 Rd8 46.c7 Rd4 47.g3 Rxc7 48.Kf2 a6 49.Ra5 Kg6
50.Nd5 Rc2+  1/2-1/2

[Event "2nd SPI Open"]
[Site "Satu Mare ROU"]
[Date "2011.07.19"]
[Round "7"]
[White "Drenchev,P"]
[Black "Vedmediuc,S"]
[Result "1/2-1/2"]
[WhiteElo "2523"]
[BlackElo "2440"]

1.d4 Nf6 2.c4 g6 3.Nc3 Bg7 4.e4 d6 5.Nf3 O-O 6.Be2 e5 7.O-O Nc6 8.d5 Ne7
9.Ne1 Nd7 10.Nd3 f5 11.Bd2 fxe4 12.Nxe4 Nf6 13.f3 Nf5 14.Ndf2 Nxe4 15.fxe4 Nd4  1/2-1/2

[Event "4th d'Ille-et-Vilain Open"]
[Site "Rennes FRA"]
[Date "2011.07.20"]
[Round "6.9"]
[White "Bouget,A"]
[Black "Dupitier,M"]
[Result "1-0"]
[WhiteElo "2199"]
[BlackElo "1844"]

1.d4 Nf6 2.c4 g6 3.Nc3 Bg7 4.e4 d6 5.Be2 O-O 6.Nf3 e5 7.O-O Nc6 8.d5 Ne7
9.Ne1 Nd7 10.Be3 f5 11.f3 f4 12.Bf2 g5 13.Rc1 h5 14.c5 Nf6 15.cxd6 cxd6 16.Nb5 Ne8
17.a4 Rf7 18.Nxa7 Ng6 19.Nxc8 Rxc8 20.Rxc8 Qxc8 21.b4 Nf6 22.a5 g4 23.b5 g3
24.hxg3 fxg3 25.Bxg3 Nf4 26.Nd3 Nd7 27.Nxf4 exf4 28.Bf2 Nc5 29.Qc2 Bf6 30.Rc1 Rg7
31.Kf1 Rc7 32.b6  1-0

[Event "2nd SPI Open"]
[Site "Satu Mare ROU"]
[Date "2011.07.20"]
[Round "8"]
[White "Dobre,ClC"]
[Black "Sandor,Petr"]
[Result "1-0"]
[WhiteElo "2353"]
[BlackElo "2153"]

1.d4 Nf6 2.Nf3 g6 3.c4 Bg7 4.Nc3 O-O 5.e4 d6 6.Be2 e5 7.O-O Nc6 8.d5 Ne7
9.Ne1 Ne8 10.f3 f5 11.g4 f4 12.h4 h5 13.g5 c6 14.Nd3 cxd5 15.cxd5 Bd7 16.a4 Rf7
17.Kh2 Bf8 18.Bd2 Nc8 19.Be1 a5 20.Bf2 Nc7 21.b4 Na6 22.b5 Nb8 23.Rc1 b6
24.Nb1 Be8 25.Na3 Nd7 26.Rc6 Na7 27.Nc4 Nc8 28.Qd2 Nc5 29.Bxc5 bxc5 30.Ndb2 Rfa7
31.Rg1 Kh7 32.Bf1 Bd7 33.Bh3 Bxh3 34.Kxh3 Be7 35.Nd3 Rb8 36.Kh2 Nb6 37.Nxb6 Rxb6
38.Nb2 Rbb7 39.Nc4 Kg7 40.Qg2 Qd7 41.Qh3 Kf7 42.Qxd7 Rxd7 43.b6 Ra8 44.Rb1 Ke8
45.b7 Rb8 46.Nxa5 Kd8 47.Rcb6  1-0

[Event "Czech Open G Rapid"]
[Site "Pardubice CZE"]
[Date "2011.07.21"]
[Round "6.3"]
[White "Arutinian,D"]
[Black "Baryshpolets,A"]
[Result "0-1"]
[WhiteElo "2562"]
[BlackElo "2474"]

1.d4 Nf6 2.c4 g6 3.Nc3 Bg7 4.e4 d6 5.Nf3 O-O 6.Be2 e5 7.O-O Nc6 8.d5 Ne7
9.Ne1 Nd7 10.Nd3 f5 11.f3 f4 12.Bd2 g5 13.Rc1 Ng6 14.b4 Nf6 15.c5 Rf7 16.Nf2 h5
17.cxd6 cxd6 18.a4 Bf8 19.h3 Rg7 20.Nb5 a6 21.Na3 Bd7 22.a5 b5 23.Rc3 Rc8
24.Rxc8 Bxc8 25.Qc2 g4 26.fxg4 hxg4 27.Rc1 g3 28.Qxc8 gxf2+ 29.Kxf2 Nxe4+
30.Ke1 Qh4+ 31.Kd1 Qf2 32.Qe6+ Kh7 33.Rc8 Nxd2 34.Kxd2 Qe3+ 35.Kd1 Qxa3 36.Bg4 Qd3+
37.Kc1 Qf1+ 38.Kb2 Qxg2+ 39.Rc2 Qe4 40.Bf5 Qxb4+ 41.Kc1 f3 42.Qf6 f2 43.Bd3 e4  0-1

[Event "15th Battle of Senta Open"]
[Site "Senta SRB"]
[Date "2011.07.22"]
[Round "8.6"]
[White "Ivanov,Bor BUL"]
[Black "Kumic,F"]
[Result "0-1"]
[WhiteElo "2201"]
[BlackElo "2088"]

1.d4 Nf6 2.c4 g6 3.Nc3 Bg7 4.e4 d6 5.Nf3 O-O 6.Be2 e5 7.O-O Nc6 8.d5 Ne7
9.b4 Ne8 10.c5 f5 11.Nd2 Nf6 12.f3 f4 13.a4 g5 14.Ba3 Ng6 15.Nc4 Rf7 16.b5 dxc5
17.Bxc5 h5 18.a5 g4 19.b6 g3 20.Kh1 Bf8 21.bxc7 Rxc7 22.Bg1 Bc5 23.Nb5 Bxg1
24.Nxc7 Nxe4 25.Ne6 Qh4 26.h3 Nf2+ 27.Rxf2 gxf2 28.Nd2 Bxe6 29.dxe6 Qg3 30.Nf1 Qg5
31.e7 Nh4 32.g4 fxg3 33.Nxg3 Qxg3 34.Qd8+ Kh7 35.Bd3+ Ng6 36.Bxg6+ Kg7 37.e8=N+ Kh6
38.Qd2+ Kxg6 39.Qd6+ Kf7 40.Qd7+ Kf8 41.Qf5+ Kxe8 42.Qxh5+ Kf8 43.Qh8+ Kf7
44.Qh7+ Qg7 45.Qf5+ Kg8 46.Rc1 Rf8 47.Qe6+ Kh7 48.Rc4 Rf4 49.Rxf4 exf4 50.Qf5+ Qg6
51.Qd7+ Kh6 52.Qb5 Qg3  0-1

[Event "20th ch-MKD Open"]
[Site "Struga MKD"]
[Date "2011.07.23"]
[Round "8"]
[White "Vasovski,N"]
[Black "Kacakovski,D"]
[Result "1/2-1/2"]
[WhiteElo "2312"]
[BlackElo "2130"]

1.d4 Nf6 2.c4 g6 3.Nc3 Bg7 4.e4 d6 5.Nf3 O-O 6.Be2 e5 7.O-O Nc6 8.d5 Ne7
9.b4 Nh5 10.Re1 f5 11.c5 Nf6 12.Bc4 h6 13.Bb2 f4 14.Nxe5 dxe5 15.d6+ Kh7
16.dxe7 Qxe7 17.Nd5 Nxd5 18.exd5 f3 19.g3 Qg5 20.d6 Qg4 21.Qd5 c6 22.Qe4 Rf4
23.Qxf4 exf4 24.Re7 h5 25.Bf1 fxg3 26.hxg3 h4 27.Bxg7 hxg3 28.Be5+ Kh6 29.Bxg3 Bf5
30.a3 Rh8 31.Rc1 Qd4 32.Re3 Kg5 33.Rc4 Qd1 34.Bf4+ Kh5 35.Re5 Rf8 36.Rc1 Qd4
37.Bg3 g5 38.Re3 g4 39.Rce1 Kg6 40.Be5 Qd5 41.Bg3 a5 42.Re5 Qd2 43.b5 Bd3
44.Re6+ Kg5 45.R1e5+ Bf5 46.bxc6 bxc6 47.d7 Qxd7 48.Rd6 Qb7 49.Rd4 Qb1 50.Bf4+ Kg6
51.Rd6+ Rf6 52.Rd8 Kf7 53.Ree8 Re6 54.Rf8+ Kg7 55.Rg8+ Kh7 56.Rh8+ Kg7 57.Rhg8+ Kf7
58.Rgf8+ Kg7  1/2-1/2

[Event "11th Curacao Open"]
[Site "Curacao AHO"]
[Date "2011.07.24"]
[Round "3"]
[White "Van Wely,L"]
[Black "Zepeda,L"]
[Result "1-0"]
[WhiteElo "2683"]
[BlackElo "2187"]

1.d4 Nf6 2.c4 g6 3.Nc3 Bg7 4.e4 d6 5.Nf3 O-O 6.Be2 e5 7.O-O Nc6 8.d5 Ne7
9.b4 Nh5 10.g3 f5 11.Ng5 Nf6 12.f3 h6 13.Ne6 Bxe6 14.dxe6 c6 15.Be3 Ne8 16.Qb3 Kh7
17.Rad1 Qc8 18.c5 d5 19.exd5 cxd5 20.Nxd5 Nxd5 21.Qxd5 Nc7 22.Qd7 Nxe6 23.Qxc8 Rfxc8
24.Rd7 a5 25.Bc4 Nd4 26.Bxd4 exd4 27.Re1 Rd8 28.Rxb7 Re8 29.Rxe8 Rxe8 30.bxa5 Rc8
31.a6 Rxc5 32.a7 Ra5 33.Kf2  1-0

[Event "Czech GM Open A"]
[Site "Pardubice CZE"]
[Date "2011.07.24"]
[Round "3.15"]
[White "Dmitrenko,V"]
[Black "Maximov,D"]
[Result "1/2-1/2"]
[WhiteElo "2353"]
[BlackElo "2479"]

1.Nf3 Nf6 2.d4 g6 3.c4 Bg7 4.Nc3 O-O 5.e4 d6 6.Be2 e5 7.O-O Nc6 8.d5 Ne7
9.Kh1 Ne8 10.Ne1 f5 11.Nd3 Nf6 12.exf5 gxf5 13.f4 Ng6 14.a4 Ne4 15.fxe5 Nxc3
16.bxc3 dxe5 17.Qb3 Kh8 18.c5 c6 19.d6 b6 20.Qc4 Qe8 21.Qb4 Rb8 22.a5 b5
23.Bh5 Be6 24.Re1 Bc4 25.Nf2 Qd8 26.Be2 Bd5 27.Bf1 Bf6 28.Bh6 Rg8 29.Rad1 Qd7
30.Nd3 f4 31.Nf2 Nh4 32.Ne4 Qf5 33.Rd2 Qg6 34.Rxd5 cxd5 35.Nxf6 Qxf6 36.c6 Qxh6
37.c7 Rbc8 38.Rxe5 f3 39.g3 Qc1 40.Qxb5 Ng6 41.Rxd5 Rce8 42.Rf5 Qd1 43.Rd5 Qc2
44.Qd3 Re1 45.Qxf3 Rf8 46.Rf5 Qxf5 47.Qxf5 Rxf5 48.c8=Q+ Rf8 49.d7 Rxf1+
50.Kg2 Rd1 51.c4 Kg7 52.c5 Rd2+ 53.Kh3 h5 54.c6 Rff2  1/2-1/2

[Event "ch-SWE Master Elite"]
[Site "Vasteras SWE"]
[Date "2011.07.24"]
[Round "9"]
[White "Grandelius,N"]
[Black "Berg,E"]
[Result "1/2-1/2"]
[WhiteElo "2542"]
[BlackElo "2604"]

1.d4 Nf6 2.c4 g6 3.Nc3 Bg7 4.e4 d6 5.Be2 O-O 6.Nf3 e5 7.O-O Nc6 8.d5 Ne7
9.b4 a5 10.Ba3 axb4 11.Bxb4 b6 12.a4 Re8 13.Re1 Bf8 14.Ra2 c5 15.dxc6 Nxc6
16.Ba3 Bg4 17.Rd2 Bxf3 18.Bxf3 Nd4 19.Be2 Qc7 20.Bf1 Qa7 21.Bb4 h5 22.Ra2 Qd7
23.Rd2 Qa7 24.Ra2 Qd7 25.Rd2  1/2-1/2

[Event "15th Godesburg Open"]
[Site "Bad Godesberg GER"]
[Date "2011.07.27"]
[Round "5.4"]
[White "Kutzner,S"]
[Black "Mantau,J"]
[Result "0-1"]
[WhiteElo "2089"]
[BlackElo "2213"]

1.d4 Nf6 2.c4 g6 3.Nc3 Bg7 4.e4 O-O 5.Nf3 d6 6.Be2 e5 7.O-O Nc6 8.d5 Ne7
9.Ne1 Ne8 10.Be3 f5 11.f3 f4 12.Bf2 g5 13.a4 h5 14.a5 Ng6 15.b4 Nf6 16.c5 g4
17.Bb5 g3 18.hxg3 fxg3 19.Bxg3 h4 20.Bh2 Bh6 21.Nc2 Nh5 22.Kf2 Ng3 23.Bxg3 hxg3+
24.Ke1 Nf4 25.Ne3 Qg5 26.Bc4 Ng6 27.Nc2 Bh3 28.Rg1 Bxg2 29.Rxg2 Nh4 30.Qe2 Rxf3
31.Nd1 Nxg2+ 32.Qxg2 Raf8 33.Ra3 Rxa3 34.Nxa3 Rf4 35.Bd3 Rh4 36.cxd6 cxd6  0-1

[Event "Biel MTO Open"]
[Site "Biel SUI"]
[Date "2011.07.28"]
[Round "10"]
[White "Shankland,S"]
[Black "Nyzhnyk,I"]
[Result "1-0"]
[WhiteElo "2539"]
[BlackElo "2589"]

1.d4 Nf6 2.c4 g6 3.Nc3 Bg7 4.e4 d6 5.Nf3 O-O 6.Be2 e5 7.O-O Nc6 8.d5 Ne7
9.Ne1 Nd7 10.Nd3 f5 11.f3 f4 12.Bd2 g5 13.Rc1 Ng6 14.c5 Nf6 15.Nb5 Rf7 16.Ba5 b6
17.cxd6 cxd6 18.Bb4 Bf8 19.Rc6 Ne8 20.a4 h5 21.Nf2 Nh4 22.h3 Qf6 23.Qb3 Bd7
24.Rfc1 g4 25.hxg4 hxg4 26.Nxg4 Qg5 27.Nc7 Bxg4 28.fxg4 f3 29.gxf3 Qf4 30.Be1 Nxc7
31.Rxc7 Rh7 32.R1c2 Be7 33.Rxe7 Rxe7 34.Bxh4 Rh7 35.Bf2 Rf8 36.Qe3 Qh2+ 37.Kf1 Qh1+
38.Bg1 Rh2 39.Ke1 Rg2 40.Kd2 Qxg1 41.Qg5+ Kh8 42.Rc7 Qd4+ 43.Kc1 Rg1+ 44.Kc2 Qxa4+
45.Kc3 Qd4+ 46.Kb3 Rxf3+ 47.Bxf3 Qd3+ 48.Rc3 Qb5+ 49.Kc2 Qa4+ 50.b3 Qa2+
51.Kd3 Qb1+ 52.Rc2 Qxb3+ 53.Kd2 Qb4+ 54.Ke2 Qe1+ 55.Kd3 Qb1 56.Qh6+ Kg8 57.Qg6+ Kh8
58.Qxd6 Qf1+ 59.Be2 Rg3+ 60.Kc4 Qa1 61.Kb5 Qb1+ 62.Ka6 Qxc2 63.Qxe5+ Kg8
64.Qxg3 Qxe2+ 65.Kxa7 Qxe4 66.Qb8+ Kf7 67.Qc7+ Kg6 68.d6 Qa4+ 69.Kb7  1-0

[Event "ch-AUT"]
[Site "Linz AUT"]
[Date "2011.07.29"]
[Round "7"]
[White "Platzgummer,F"]
[Black "Klocker,B"]
[Result "1-0"]
[WhiteElo "2311"]
[BlackElo "2218"]

1.Nf3 Nf6 2.c4 g6 3.Nc3 Bg7 4.e4 d6 5.d4 O-O 6.Be2 e5 7.O-O Nc6 8.d5 Ne7
9.Ne1 Ne8 10.Be3 f5 11.f3 f4 12.Bf2 g5 13.Nd3 Rf7 14.c5 Bf8 15.cxd6 cxd6
16.a4 h5 17.Nb5 a6 18.Na3 Nf6 19.Nc4 g4 20.Qb3 Ng6 21.Nb6 Rb8 22.Nxc8 Rxc8
23.Rac1 h4 24.Bb6 Qd7 25.Rxc8 Qxc8 26.Rc1 Qe8 27.Ne1 Rg7 28.fxg4 Nxe4 29.Qc2 Nf6
30.g5 Nd7 31.Bf2 Nc5 32.b4 Nxa4 33.Bg4 b5 34.Be6+ Kh8 35.Nf3 Qd8 36.Qf5 Nb6
37.Rc6 Nc4 38.Rc8 Qe7 39.Nxh4  1-0

[Event "98th ch-GBR"]
[Site "Sheffield ENG"]
[Date "2011.07.29"]
[Round "5.31"]
[White "Almond,R"]
[Black "Ledger,D"]
[Result "1-0"]
[WhiteElo "2121"]
[BlackElo "2277"]

1.d4 Nf6 2.c4 g6 3.Nc3 Bg7 4.e4 d6 5.Nf3 O-O 6.Be2 e5 7.O-O Nc6 8.d5 Ne7
9.Ne1 Nd7 10.f3 f5 11.g4 Nf6 12.Nd3 Kh8 13.h3 Rf7 14.Kg2 Bd7 15.c5 Qf8 16.Bd2 Ne8
17.Rc1 Ng8 18.b4 Qe7 19.Qe1 Bf6 20.Bd1 Bh4 21.Qe2 Ng7 22.Ba4 Bxa4 23.Nxa4 Raf8
24.Nab2 h5 25.Nc4 Kh7 26.Na5 Nh6 27.Nxb7 f4 28.Be1 hxg4 29.hxg4 Bg5 30.Nf2 Ne8
31.Rc3 Rh8 32.Rh1 Kg7 33.Nh3 Bf6 34.Kf1 Ng8 35.Qg2 Bh4 36.Rc1 Kf8 37.Ke2 Rfh7
38.Bxh4 Rxh4 39.Nf2 Ngf6 40.Rxh4 Rxh4 41.Rh1 Rxh1 42.Qxh1 Kg7 43.Qc1  1-0

[Event "2nd ch-Vojvodina"]
[Site "Novi Sad SRB"]
[Date "2011.07.30"]
[Round "9.10"]
[White "Jovic,Ste"]
[Black "Kumic,F"]
[Result "1-0"]
[WhiteElo "2273"]
[BlackElo "2088"]

1.d4 Nf6 2.c4 g6 3.Nc3 Bg7 4.e4 d6 5.Be2 O-O 6.Nf3 e5 7.O-O Nc6 8.d5 Ne7
9.Ne1 Nd7 10.Be3 f5 11.f3 f4 12.Bf2 g5 13.g4 fxg3 14.hxg3 Ng6 15.Be3 h6 16.Nd3 Nf6
17.c5 Nh5 18.cxd6 cxd6 19.Bf2 Bh3 20.Re1 Rf7 21.Kh2 Bd7 22.f4 Nxg3 23.Bxg3 exf4
24.Bf2 Ne5 25.Bh5 Rf8 26.Nxe5 Bxe5 27.Qf3 Qf6 28.Rac1 b5 29.Re2 Qg7 30.Rg1 Rac8
31.Nd1 Rc1 32.Rd2 a5 33.Bb6 a4 34.Ba5 Bd4 35.Rgg2 Rc4 36.Bc3 Bxc3 37.Nxc3 b4
38.Nd1 Qe5 39.Nf2 Ra8 40.Bg4 Be8 41.Bf5 Kg7 42.Nd3  1-0

[Event "Tabor Open"]
[Site "Tabor CZE"]
[Date "2011.08.01"]
[Round "3.39"]
[White "Severa,J"]
[Black "Cieslak,L"]
[Result "0-1"]
[WhiteElo "1727"]
[BlackElo "1973"]

1.d4 g6 2.Nf3 Bg7 3.c4 d6 4.Nc3 Nf6 5.e4 O-O 6.Be2 e5 7.O-O Nc6 8.d5 Ne7
9.Be3 Nd7 10.b4 f5 11.exf5 gxf5 12.Ne1 f4 13.Bd2 Nf6 14.Bf3 Bf5 15.Qe2 Ng6
16.Ne4 Nh4 17.Nxf6+ Qxf6 18.Rc1 Rae8 19.Be4 Qg6 20.Kh1 Bxe4  0-1

[Event "112th US Open"]
[Site "Orlando USA"]
[Date "2011.08.03"]
[Round "2"]
[White "Gurevich,D"]
[Black "Gunawan,Cheston"]
[Result "1-0"]
[WhiteElo "2479"]
[BlackElo "1936"]

1.d4 Nf6 2.c4 g6 3.Nc3 Bg7 4.e4 d6 5.Nf3 O-O 6.Be2 e5 7.O-O Nc6 8.d5 Ne7
9.Ne1 Nd7 10.Be3 f5 11.f3 f4 12.Bf2 g5 13.Nb5 b6 14.b4 a6 15.Nc3 Rf6 16.Nd3 Rg6
17.c5 Nf6 18.cxb6 cxb6 19.b5 a5 20.Na4 Rb8 21.Qd2 g4 22.Bxb6 Rxb6 23.Qxa5 g3
24.h3 Rh6 25.Qxb6 Qe8 26.Qb8 Rxh3 27.gxh3 Qh5 28.Nf2 Ne8 29.b6 Bxh3 30.Nxh3 Qxh3
31.Qxe8+ Bf8 32.Rf2 gxf2+ 33.Kxf2 Qh2+ 34.Ke1 Qg1+ 35.Kd2 Qxa1 36.Qb5 Qxa2+
37.Ke1 Qa1+ 38.Bd1 Qd4 39.b7 Qg1+ 40.Kd2 Qf2+ 41.Be2 Qd4+ 42.Kc2  1-0

[Event "Stilwerk Masters"]
[Site "Vienna AUT"]
[Date "2011.08.04"]
[Round "2"]
[White "Beckhuis,G"]
[Black "Jorczik,J"]
[Result "0-1"]
[WhiteElo "2300"]
[BlackElo "2383"]

1.d4 Nf6 2.c4 g6 3.Nc3 Bg7 4.e4 d6 5.Nf3 O-O 6.Be2 e5 7.O-O Nc6 8.dxe5 dxe5
9.Bg5 Qxd1 10.Rfxd1 Bg4 11.h3 Bxf3 12.Bxf3 Nd4 13.Nd5 Nxd5 14.cxd5 f5 15.Be3 Nxf3+
16.gxf3 Rf7 17.Rd3 Bf8 18.Rb3 b6 19.Rc1 Bd6 20.Kf1 Kf8 21.Bd2 a5 22.Rc6 Ke7
23.Rbc3 Kd7 24.Ke2 Rg8 25.a3 g5 26.b4 axb4 27.axb4 Ra8 28.Bxg5 f4 29.Bh4 Rg7  0-1

[Event "Stilwerk Masters"]
[Site "Vienna AUT"]
[Date "2011.08.05"]
[Round "3"]
[White "Beckhuis,G"]
[Black "Alvir,A"]
[Result "0-1"]
[WhiteElo "2300"]
[BlackElo "2359"]

1.d4 Nf6 2.c4 g6 3.Nc3 Bg7 4.e4 d6 5.Nf3 O-O 6.Be2 e5 7.O-O Nc6 8.d5 Ne7
9.Ne1 Ne8 10.Nd3 Kh8 11.c5 dxc5 12.Nxc5 b6 13.Nb3 Nd6 14.a4 c6 15.dxc6 Nxc6
16.f3 Be6 17.Nd5 f5 18.Bb5 Nxb5 19.axb5 Nb4 20.Nxb4 Qxd1 21.Rxd1 Bxb3 22.Re1 Bc4
23.Nd5 fxe4 24.fxe4 Rfc8 25.Be3 Bf8 26.Nc3 Bb4 27.Red1 Bxc3 28.bxc3 Bxb5
29.Rd5 Rxc3 30.Bh6 Rc5 31.Rxc5 bxc5 32.Be3 a5 33.Bxc5 Kg7 34.Kf2 a4 35.Ba3 Rd8
36.Rb1 Rd2+ 37.Kg1 Bc6 38.Rb4 Re2 39.Bb2 Kf6 40.Rb6 Rc2 41.h4 g5 42.hxg5+ Kxg5
43.Bxe5 a3 44.Rb3 a2 45.Rg3+ Kh5 46.Rh3+ Kg6 47.Rg3+ Kf7 48.Ra3 Bxe4 49.g3 Ke6
50.Bh8 Bd5 51.Kf1 Kf5 52.Ke1 Kg4 53.Kd1 Rg2 54.Kc1 Re2 55.Bf6 Bf3 56.Bb2 Bd5
57.Bf6 h5 58.Bb2 Kf5 59.Bh8 Be4 60.Bg7 Rc2+ 61.Kd1 Rg2 62.Bd4 Bd5 63.Kc1 Ke4
64.Bb2 Bc4 65.Bh8 Bd3 66.Bf6 Rc2+ 67.Kd1 Rf2 68.Ra4+ Kf5 69.Bd4 Rg2 70.Ra5+ Ke4
71.Be5 Bc4 72.Bh8 Ke3 73.Kc1 Bd3 74.Rxh5 Rc2+ 75.Kd1 Rc8 76.Bg7 Be2+  0-1